| 000 | 00357cam a2200145ua 4500 | ||
|---|---|---|---|
| 041 |
_ahin _h |
||
| 082 |
_a891.54 _bRAJ/SU |
||
| 100 | _aRajiya, Sahad Jahani . | ||
| 245 |
_aSuman / _cRajiya sahadh jahani. _hTextual Documents |
||
| 260 |
_aDelhi : _bRajkamal Prakashan , _c1962. |
||
| 300 | _a265 ; . | ||
| 504 | _a | ||
| 942 | _cBK | ||
| 999 |
_c11788 _d11788 |
||